LEADER 01083nam a2200241 4500 001 000000354842 003 CaOOAMICUS 005 20250514125125.0 008 230803s2023 it 000 u ita r 020 $a978-88-514-2684-2 040 $aSeMil$bita 245 10$a4: Dopo il Martirio di San Giovanni il Precursore, dopo la dedicazione, Solennitā e Feste del Signore. 264 1$aMilano :$bĀncora,$c2023. 300 $a196 p. ;$c21 cm 490 1 $aSussidi ambrosiani 773 0 $aFumagalli, Aristide <1962- >$tIn dialogo con la Parola.$dMilano : Āncora, 2022-2023.$g4$w()362811 830 0$aSussidi ambrosiani.$0(OLS)http://semarc/title/26542 850 $aSeMil 852 $aSeMil$W1$xVenegono$y1$m3KA E 8/4$j256951$B246134$CSeMilBibl$Z2$F246134 $81 996 $6020$a978-88-514-2684-2$9(OLS)http://semarc/number/298591 996 $6245$a4: Dopo il Martirio di San Giovanni il Precursore, dopo la dedicazione, Solennitā e Feste del Signore$9(OLS)http://semarc/title/445008 996 $6264$aMilano :$bĀncora$9(OLS)http://semarc/publisher/29763 LEADER 01257nam a2200301 i 4500 001 000000075338 003 CaOOAMICUS 005 20190924104710.0 008 060203s1999 it u000 u ita u 013 $a46510 020 $a88-04-43783-9 040 $aSeMil$bita 100 1 $aArmstrong, Karen <1944- >.$0(OLS)http://semarc/name/32932 240 10$aJerusalem.$0(OLS)http://semarc/title/57063 245 10$aGerusalemme :$bstoria di una cittā tra ebraismo, cristianesimo e islam /$cKaren Armstrong. 260 $aMilano :$bMondadori,$c1999. 300 $a443 p., [16] p. di tav. :$bill. ;$c24 cm. 490 0 $aLa storia 650 4$aGerusalemme - Storia.$0(OLS)http://semarc/subject/4653 700 1 $aBasile, Emanuele.$0(OLS)http://semarc/name/37200 830 3$aLa storia.$0(OLS)http://semarc/title/425843 850 $aSeMil 852 $aSeMil$W1$xVenegono$y1$m2X III 250$j41490$B41490$CSeMilBibl$Z2$F41494 $81 961 $aOmaggio: Donazione 996 $6020$a88-04-43783-9$9(OLS)http://semarc/number/55793 996 $6245$aGerusalemme :$bstoria di una cittā tra ebraismo, cristianesimo e islam$9(OLS)http://semarc/title/122190 996 $6260$aMilano :$bMondadori$9(OLS)http://semarc/publisher/30335